|
|
|
|
| LEADER |
00000nam0a2200000 4500 |
| 001 |
113020 |
| 005 |
20231031121709.0 |
| 035 |
|
|
|a (RuTPU)RU\TPU\book\122244
|
| 090 |
|
|
|a 113020
|
| 100 |
|
|
|a 20070405d1977 m y0rusy5003 ca
|
| 101 |
1 |
|
|a rus
|c pol
|
| 102 |
|
|
|a RU
|
| 105 |
|
|
|a a z 000zy
|
| 200 |
1 |
|
|a Мужчина старше сорока
|e пер. с пол.
|f Т. Рожнятовский
|
| 210 |
|
|
|a Москва
|c Медицина
|d 1977
|
| 215 |
|
|
|a 158 с.
|d 20 см.
|c ил.
|
| 610 |
1 |
|
|a личная гигиена
|
| 610 |
1 |
|
|a мужчины
|
| 610 |
1 |
|
|a пожилые люди
|
| 610 |
1 |
|
|a старость
|
| 610 |
1 |
|
|a болезни
|
| 610 |
1 |
|
|a организм человека
|
| 610 |
1 |
|
|a здоровье
|
| 675 |
|
|
|a 613.4
|z rus
|v 3
|
| 700 |
|
1 |
|a Рожнятовский
|b Т.
|g Тадеуш
|
| 801 |
|
0 |
|a RU
|b RuMRKP
|c 19950704
|g psbo
|
| 801 |
|
1 |
|a RU
|b 63413507
|c 20070405
|g PSBO
|
| 801 |
|
2 |
|a RU
|b 63413507
|c 20080413
|g PSBO
|
| 942 |
|
|
|c BK
|